[Event "ch-RUS Blitz Women 2017"]
[Site "Sochi RUS"]
[Date "2017.10.02"]
[Round "13.9"]
[White "Bezgodova, Svetlana"]
[Black "Kharmunova, Nadezhda"]
[Result "1-0"]
[WhiteTitle "WIM"]
[BlackTitle "WIM"]
[WhiteElo "2060"]
[BlackElo "2199"]
[WhiteFideId "4110650"]
[BlackFideId "4195876"]
[EventDate "2017.10.02"]
[EventType "blitz"]

1. Nf3 f5 2. g3 Nf6 3. Bg2 g6 4. O-O Bg7 5. d4 O-O 6. c4 d6 7. Nc3 c6 8. d5 e5
9. dxe6 Bxe6 10. b3 Ne4 11. Nxe4 Bxa1 12. Qxd6 Qd7 13. Qxd7 Nxd7 14. Neg5 Rfe8
15. Nxe6 Rxe6 16. Rd1 Nf8 17. e3 Bf6 1-0

[Event "ch-RUS Blitz Women 2017"]
[Site "Sochi RUS"]
[Date "2017.10.02"]
[Round "13.10"]
[White "Semenova, Elena1"]
[Black "Charochkina, Daria"]
[Result "0-1"]
[WhiteTitle "WIM"]
[BlackTitle "IM"]
[WhiteElo "2256"]
[BlackElo "2321"]
[WhiteFideId "24125148"]
[BlackFideId "4180917"]
[EventDate "2017.10.02"]
[EventType "blitz"]

1. e4 d5 2. exd5 Qxd5 3. Nc3 Qd6 4. d4 Nf6 5. Nf3 g6 6. Ne5 Bg7 7. Bf4 Nd5 8.
Nxd5 Qxd5 9. Be2 Qxg2 10. Bf3 Qh3 11. Qd3 Qe6 12. O-O-O Qxa2 13. Qc3 O-O 14. Be2
b5 15. Bxb5 Qd5 16. Bc4 Qe4 17. Bg3 c5 18. dxc5 Bb7 19. Rhe1 Qf5 20. Bd3 Qc8 21.
h4 Nc6 22. h5 a5 23. hxg6 hxg6 24. Nxc6 Qxc6 25. Be5 f6 26. Bc4+ e6 27. Rd6 Qg2
28. Bxe6+ Kh7 29. Bg3 Rad8 30. Rxd8 Rxd8 31. Qc4 Bh6+ 32. Kb1 Qf3 33. Bh3 Bg7
34. Bf1 Rd1+ 35. Rxd1 Qxd1+ 36. Ka2 Bd5 0-1

[Event "ch-RUS Blitz Women 2017"]
[Site "Sochi RUS"]
[Date "2017.10.02"]
[Round "13.11"]
[White "Shaydullina, Sandugach"]
[Black "Pogonina, Natalija"]
[Result "0-1"]
[WhiteTitle "WGM"]
[BlackTitle "WGM"]
[WhiteElo "2185"]
[BlackElo "2466"]
[WhiteFideId "4140389"]
[BlackFideId "4147855"]
[EventDate "2017.10.02"]
[EventType "blitz"]

1. d4 Nf6 2. c4 e6 3. Nf3 b6 4. g3 Bb7 5. Bg2 Be7 6. O-O O-O 7. Re1 d5 8. cxd5
exd5 9. Nc3 Ne4 10. Bf4 Nxc3 11. bxc3 Nd7 12. Ne5 Nxe5 13. Bxe5 Rb8 14. e4 dxe4
15. Bxe4 Bxe4 16. Rxe4 Bd6 17. Qe2 Bxe5 18. Rxe5 Qd6 19. h4 h6 20. h5 Qc6 21. c4
Rbe8 22. Rc1 Rxe5 23. Qxe5 Re8 24. Qf4 Re2 25. Qf5 Qe6 26. Qf4 Qe7 27. Qf5 Qg5
28. Qc8+ Kh7 29. Rf1 Qxh5 30. Qxc7 Rxa2 31. d5 Qf5 32. d6 Rd2 33. Qxa7 Rxd6 34.
Re1 Rf6 35. Qa2 h5 36. Re3 Rg6 37. Qe2 h4 38. Re5 Qb1+ 39. Kg2 hxg3 40. Rh5+ Rh6
41. Rxh6+ Kxh6 42. fxg3 Qg6 43. Qe3+ Kh7 44. Qd4 Qf6 45. Qe4+ g6 46. Qd5 Kg7 47.
g4 Qf4 48. g5 Qg4+ 49. Kf2 Qf5+ 50. Qxf5 gxf5 51. Ke3 Kg6 52. Kf4 f6 53. gxf6
Kxf6 54. Kf3 Ke5 55. Ke3 f4+ 56. Kd3 f3 57. Ke3 f2 58. Kxf2 Kd4 59. c5 bxc5 60.
Ke2 Kc3 61. Kd1 Kb2 62. Kd2 c4 0-1

[Event "ch-RUS Blitz Women 2017"]
[Site "Sochi RUS"]
[Date "2017.10.02"]
[Round "13.12"]
[White "Maltsevskaya, Aleksandra"]
[Black "Tomilova, Elena"]
[Result "1-0"]
[BlackTitle "WIM"]
[WhiteElo "2260"]
[BlackElo "2307"]
[WhiteFideId "24174041"]
[BlackFideId "4162340"]
[EventDate "2017.10.02"]
[EventType "blitz"]

1. e4 e6 2. d4 d5 3. Nc3 Nf6 4. Bg5 Bb4 5. e5 h6 6. Bd2 Bxc3 7. bxc3 Ne4 8. Qg4
Kf8 9. Bd3 Nxd2 10. Kxd2 c5 11. Nf3 c4 12. Be2 Nc6 13. h4 b5 14. a3 a5 15. Rh3
Rb8 16. Rg3 g6 17. Qf4 Qe7 18. Rxg6 b4 19. axb4 axb4 20. Rxh6 bxc3+ 21. Ke3 Rxh6
22. Qxh6+ Ke8 23. h5 Kd7 24. Qf6 Bb7 25. Rb1 Kc7 26. Qxe7+ Nxe7 27. g4 Rg8 28.
Kf4 Rh8 29. Ng5 Nc6 30. Ke3 Nd8 31. f4 Kd7 32. Nxf7 Nxf7 33. Rxb7+ Ke8 34. f5
exf5 35. gxf5 Nd8 36. Rc7 Rg8 37. e6 Rg3+ 38. Bf3 Rg1 39. h6 Re1+ 40. Kf2 Rc1
41. Bh5+ 1-0

[Event "ch-RUS Blitz Women 2017"]
[Site "Sochi RUS"]
[Date "2017.10.02"]
[Round "13.13"]
[White "Kabanova, Ekaterina"]
[Black "Gritsayeva, Oksana"]
[Result "1-0"]
[WhiteTitle "WFM"]
[BlackTitle "WFM"]
[WhiteElo "2205"]
[BlackElo "2373"]
[WhiteFideId "24112917"]
[BlackFideId "14104652"]
[EventDate "2017.10.02"]
[EventType "blitz"]

1. c4 c5 2. e3 g6 3. Nf3 Bg7 4. Qc2 Nc6 5. a3 Nf6 6. Be2 O-O 7. O-O b6 8. d3 Bb7
9. Nbd2 d5 10. Rb1 Rc8 11. b3 Re8 12. cxd5 Nxd5 13. Bb2 e5 14. Rbc1 h6 15. Rfe1
g5 16. h3 Qd7 17. Nh2 Nde7 18. Qb1 f5 19. Red1 Ng6 20. Nc4 Qe7 21. Bh5 Kh7 22.
d4 e4 23. d5 Nb8 24. d6 Qe6 25. Bxg7 Kxg7 26. Qb2+ Kh7 27. Bxg6+ Kxg6 28. d7
Nxd7 29. Rd6 Nf6 30. Rxe6 Rxe6 31. Rd1 Bd5 32. Ne5+ Kg7 33. Nd7 Rd8 34. Rxd5 1-0

[Event "ch-RUS Blitz Women 2017"]
[Site "Sochi RUS"]
[Date "2017.10.02"]
[Round "13.14"]
[White "Belenkaya, Dina"]
[Black "Potapova, Margarita"]
[Result "1-0"]
[WhiteTitle "WGM"]
[BlackTitle "WFM"]
[WhiteElo "2346"]
[BlackElo "2163"]
[WhiteFideId "24142654"]
[BlackFideId "14126869"]
[EventDate "2017.10.02"]
[EventType "blitz"]

1. e4 c5 2. Nf3 d6 3. Bb5+ Nd7 4. O-O a6 5. Bd3 g6 6. c3 Bg7 7. Bc2 Ne5 8. Nxe5
dxe5 9. d3 Nf6 10. Be3 Qd6 11. Nd2 b5 12. a4 Rb8 13. axb5 axb5 14. f3 O-O 15.
Qe2 Be6 16. Qf2 Rfc8 17. Ra5 Nh5 18. g3 f5 19. Nb3 c4 20. Nc5 f4 21. gxf4 exf4
22. Bd4 Bxd4 23. cxd4 cxd3 24. Ra6 Rb6 25. Rxb6 Qxb6 26. Bxd3 Bf7 27. b4 Ra8 28.
d5 Ra3 29. Rc1 Qa7 30. Qd4 Nf6 31. Bxb5 Rxf3 32. Ra1 Ra3 33. Rf1 h5 34. Ne6 Qb8
35. Bc6 Bxe6 36. dxe6 f3 37. e5 f2+ 38. Rxf2 Ng4 39. Rf7 Rb3 40. Qe4 Nxe5 41.
Rxe7 Qd8 42. Re8+ Qxe8 43. Bxe8 Ng4 44. Qxg6+ 1-0

[Event "ch-RUS Blitz Women 2017"]
[Site "Sochi RUS"]
[Date "2017.10.02"]
[Round "13.15"]
[White "Markelova, Lubov"]
[Black "Kovanova, Baira"]
[Result "1/2-1/2"]
[WhiteTitle "WFM"]
[BlackTitle "WGM"]
[WhiteElo "2119"]
[BlackElo "2371"]
[WhiteFideId "24131369"]
[BlackFideId "4164083"]
[EventDate "2017.10.02"]
[EventType "blitz"]

1. Nf3 Nf6 2. c4 e6 3. Nc3 d5 4. d4 Be7 5. Bg5 O-O 6. e3 Nbd7 7. cxd5 exd5 8.
Bd3 h6 9. Bh4 c6 10. O-O Re8 11. Qc2 Ne4 12. Bxe7 Qxe7 13. b4 Ndf6 14. b5 Bd7
15. Bxe4 dxe4 16. Ne5 cxb5 17. Qb3 a6 18. Nd5 Nxd5 19. Qxd5 Bf5 20. g4 Rad8 21.
Qb3 Be6 22. Qc2 Bd5 23. h3 Qg5 24. Qc7 f6 25. Nd7 Rc8 26. Qd6 Bc6 27. Nc5 Rcd8
28. Qg3 Qd5 29. a3 a5 30. Rac1 b4 31. axb4 axb4 32. Rb1 b6 33. Nb3 Bb5 34. Rfc1
Bd3 35. Rb2 Rc8 36. Rc7 Rxc7 37. Qxc7 b5 38. Nc1 Bc4 39. Ne2 Ra8 40. Nf4 Qf7 41.
Qc6 Ra1+ 42. Kg2 Ra7 43. Qc8+ Qf8 44. Qf5 b3 45. Qxe4 Rc7 46. Ne6 Bxe6 47. Qxe6+
Kh8 48. Rxb3 Qa8+ 49. d5 Rc5 50. e4 Qd8 51. Qf7 Rc4 52. f3 b4 53. Qe6 Rd4 54.
Kg3 Qb8+ 55. f4 Rc4 56. d6 Rd4 57. d7 Kh7 58. Qe8 Qc7 59. Rxb4 Rxd7 60. Rb3 Re7
61. Qb8 Qxb8 62. Rxb8 Rxe4 63. Kf3 Rd4 1/2-1/2

[Event "ch-RUS Blitz Women 2017"]
[Site "Sochi RUS"]
[Date "2017.10.02"]
[Round "13.16"]
[White "Bykova, Anastasia"]
[Black "Pischal, Yulia"]
[Result "1-0"]
[WhiteTitle "WFM"]
[BlackTitle "WFM"]
[WhiteElo "2234"]
[BlackElo "1963"]
[WhiteFideId "4164970"]
[BlackFideId "14102390"]
[EventDate "2017.10.02"]
[EventType "blitz"]

1. d4 g6 2. Nf3 Bg7 3. Bf4 d6 4. c3 f5 5. e3 e6 6. Bc4 Qe7 7. Nbd2 Nf6 8. a4 a5
9. Qb3 h6 10. Nh4 Kf7 11. Bg3 Rf8 12. Bd3 Qe8 13. O-O Kg8 14. e4 Kh7 15. exf5
gxf5 16. Qc2 Qf7 17. Rae1 Nd5 18. Nhf3 Kh8 19. h3 Bd7 20. Bh2 Nc6 21. Nc4 Rae8
22. Ne3 Nxe3 23. fxe3 b6 24. e4 f4 25. e5 d5 26. Bg6 Qe7 27. Qd2 Rd8 28. Bxf4 1-0

[Event "ch-RUS Blitz Women 2017"]
[Site "Sochi RUS"]
[Date "2017.10.02"]
[Round "14.1"]
[White "Voit, Daria"]
[Black "Bodnaruk, Anastasia"]
[Result "0-1"]
[WhiteTitle "FM"]
[BlackTitle "IM"]
[WhiteElo "2387"]
[BlackElo "2432"]
[WhiteFideId "4182146"]
[BlackFideId "4181751"]
[EventDate "2017.10.02"]
[EventType "blitz"]

1. d4 Nf6 2. c4 g6 3. g3 Bg7 4. Bg2 O-O 5. Nc3 d6 6. Nf3 Nc6 7. O-O a6 8. e3 Rb8
9. Qe2 b5 10. b3 bxc4 11. Qxc4 Na5 12. Qd3 Nc6 13. Rd1 a5 14. Bb2 Nb4 15. Qd2
Ba6 16. Ba3 c6 17. Ne1 Nd7 18. Rac1 c5 19. dxc5 Nxc5 20. Nd5 Nxd5 21. Bxd5 Nd7
22. Nf3 Nf6 23. Bc6 Qb6 24. Nd4 Rfc8 25. Bg2 Bb7 26. Bxb7 Qxb7 27. Qxa5 Ne4 28.
Rxc8+ Rxc8 29. Rc1 Rxc1+ 30. Bxc1 e5 31. Nf3 Nxg3 32. hxg3 Qxf3 33. Bd2 h5 34.
a4 Bf6 35. Qc3 g5 36. Qd3 d5 37. Bb4 h4 38. gxh4 gxh4 39. Qf1 h3 40. Kh2 e4 41.
Qg1+ Kh7 42. Qg3 Be5 43. Qxe5 Qg2# 0-1

[Event "ch-RUS Blitz Women 2017"]
[Site "Sochi RUS"]
[Date "2017.10.02"]
[Round "14.2"]
[White "Goryachkina, Aleksandra"]
[Black "Drozdova, Dina"]
[Result "1-0"]
[WhiteTitle "WGM"]
[BlackTitle "WIM"]
[WhiteElo "2478"]
[BlackElo "2209"]
[WhiteFideId "4147103"]
[BlackFideId "4170695"]
[EventDate "2017.10.02"]
[EventType "blitz"]

1. e4 d6 2. d4 Nf6 3. Nc3 e5 4. Nf3 Nbd7 5. Bc4 Be7 6. a4 O-O 7. O-O c6 8. Re1
h6 9. h3 Re8 10. b3 Qc7 11. Ba3 Nf8 12. Qd2 Ng6 13. d5 c5 14. Bf1 a6 15. b4 b6
16. Rab1 Bd8 17. a5 cxb4 18. Bxb4 b5 19. Nd1 Qe7 20. Bd3 Nf4 21. Ne3 Nh7 22. Kh2
Qf6 23. Ng1 Nxd3 24. cxd3 Bd7 25. Rf1 Rc8 26. Ne2 g5 27. Bc3 Nf8 28. Ng3 Ng6 29.
Ngf5 Kh7 30. Bb4 Be7 31. Rbc1 Bf8 32. f3 h5 33. Rxc8 Rxc8 34. Rc1 Nf4 35. Rxc8
Bxc8 36. g3 Ng6 37. Qc1 Qd8 38. Qc6 h4 39. Qb6 Qd7 40. Bxd6 hxg3+ 41. Kxg3 Nh4
42. Bxf8 Nxf5+ 43. Nxf5 Qd8 44. Qxd8 1-0

[Event "ch-RUS Blitz Women 2017"]
[Site "Sochi RUS"]
[Date "2017.10.02"]
[Round "14.3"]
[White "Girya, Olga"]
[Black "Ubiennykh, Ekaterina"]
[Result "1-0"]
[WhiteTitle "WGM"]
[BlackTitle "WIM"]
[WhiteElo "2505"]
[BlackElo "2308"]
[WhiteFideId "4195752"]
[BlackFideId "4137582"]
[EventDate "2017.10.02"]
[EventType "blitz"]

1. d4 d5 2. Nf3 Nf6 3. c4 e6 4. Nc3 Be7 5. Bf4 O-O 6. e3 c5 7. dxc5 Nc6 8. Rc1
Bxc5 9. cxd5 exd5 10. Be2 d4 11. exd4 Nxd4 12. Nxd4 Bxd4 13. O-O Be6 14. Bf3 Qd7
15. Qd2 Rad8 16. Rfd1 Qe7 17. Qe1 Rfe8 18. Be3 Bxe3 19. Qxe3 Qb4 20. Rxd8 Rxd8
21. Qe2 h6 22. h3 a6 23. a3 Qb3 24. Ne4 Nxe4 25. Bxe4 b5 26. Rc3 Qd1+ 27. Qxd1
Rxd1+ 28. Kh2 Rd2 29. Rc2 Rxc2 30. Bxc2 Kf8 31. Kg3 Ke7 32. Kf4 Kd6 33. Ke4 g6
34. Kd4 Bd5 35. g3 h5 36. h4 Bc4 37. b4 Be6 38. Be4 Bc8 39. Bd5 f6 40. f4 Bd7
41. Bb7 Kc7 42. Be4 f5 43. Bd5 Kd6 44. Bf7 Ke7 45. Bxg6 1-0

[Event "ch-RUS Blitz Women 2017"]
[Site "Sochi RUS"]
[Date "2017.10.02"]
[Round "14.4"]
[White "Kashlinskaya, Alina"]
[Black "Vasilevich, Tatjana"]
[Result "0-1"]
[WhiteTitle "IM"]
[BlackTitle "IM"]
[WhiteElo "2455"]
[BlackElo "2360"]
[WhiteFideId "4198026"]
[BlackFideId "14101610"]
[EventDate "2017.10.02"]
[EventType "blitz"]

1. d4 Nf6 2. c4 e6 3. Nc3 Bb4 4. e3 d5 5. a3 Bxc3+ 6. bxc3 O-O 7. Bd3 c5 8. Ne2
Nc6 9. O-O dxc4 10. Bxc4 Qc7 11. Ba2 Rd8 12. h3 e5 13. d5 Ne7 14. c4 a6 15. Bb2
Ng6 16. f4 Qd6 17. Qe1 exf4 18. exf4 Re8 19. Qd1 Bf5 20. Ng3 Be4 21. Nxe4 Rxe4
22. f5 Nf4 23. Rf2 Rae8 24. Qf1 Ne2+ 25. Rxe2 Rxe2 26. Bc3 Qg3 27. Bxf6 Re1 28.
Rxe1 Rxe1 29. Bb2 Qe3+ 0-1

[Event "ch-RUS Blitz Women 2017"]
[Site "Sochi RUS"]
[Date "2017.10.02"]
[Round "14.5"]
[White "Nechaeva, Marina"]
[Black "Sukhareva, Evgeniya"]
[Result "1-0"]
[WhiteTitle "IM"]
[WhiteElo "2431"]
[BlackElo "2207"]
[WhiteFideId "4149351"]
[BlackFideId "4167155"]
[EventDate "2017.10.02"]
[EventType "blitz"]

1. d4 Nf6 2. c4 e6 3. Nc3 c5 4. d5 exd5 5. cxd5 d6 6. e4 g6 7. Bd3 Bg7 8. h3 O-O
9. Nf3 b6 10. O-O Re8 11. Re1 Nfd7 12. Bf4 Ne5 13. Nxe5 dxe5 14. Be3 a6 15. a4
Nd7 16. Qd2 Nf6 17. Rab1 Qd6 18. Ne2 Bd7 19. b4 Bxa4 20. bxc5 bxc5 21. Rec1 Rec8
22. Ra1 Bb3 23. Nc3 c4 24. Bc2 Bf8 25. Rcb1 Rab8 26. Bd1 Be7 27. f4 Nd7 28. Bg4
f6 29. fxe5 fxe5 30. Be6+ Kh8 31. Bg5 Nc5 32. Bxc8 Rxc8 33. Bxe7 Qxe7 34. Rf1
Kg7 35. Kh1 Nd3 36. Rxa6 Nf4 37. Rfa1 Qg5 38. Ra7+ Kh6 39. Kh2 Rb8 40. Rf7 Rb6
41. Raa7 Qd8 42. Rxh7+ Kg5 1-0

[Event "ch-RUS Blitz Women 2017"]
[Site "Sochi RUS"]
[Date "2017.10.02"]
[Round "14.6"]
[White "Nebolsina, Vera"]
[Black "Ambartsumova, Karina"]
[Result "0-1"]
[WhiteTitle "WGM"]
[BlackTitle "WGM"]
[WhiteElo "2220"]
[BlackElo "2359"]
[WhiteFideId "4163591"]
[BlackFideId "4166299"]
[EventDate "2017.10.02"]
[EventType "blitz"]

1. e4 c5 2. Nc3 Nc6 3. f4 g6 4. Nf3 Bg7 5. Bc4 e6 6. d3 d6 7. O-O Nge7 8. Qe1
O-O 9. f5 d5 10. Bb3 d4 11. Ne2 exf5 12. Qh4 Na5 13. Ng5 h6 14. Nxf7 Rxf7 15.
Bxf7+ Kxf7 16. exf5 Bxf5 17. g4 Bf6 18. Qxh6 Bxg4 19. Bg5 Bf5 20. Bxf6 Kxf6 21.
Ng3 Qh8 22. Ne4+ Kf7 23. Qf4 Qh5 24. Ng3 Qg4 25. Qe5 Nac6 26. Qxc5 Rh8 27. Rf2
Rh3 28. Raf1 Rxg3+ 29. hxg3 Qxg3+ 30. Rg2 Qe3+ 31. Rgf2 Qg3+ 32. Rg2 Qe3+ 33.
Rgf2 Qg3+ 34. Rg2 Qe3+ 35. Rgf2 Kg7 0-1

[Event "ch-RUS Blitz Women 2017"]
[Site "Sochi RUS"]
[Date "2017.10.02"]
[Round "14.7"]
[White "Bivol, Alina"]
[Black "Garifullina, Leya"]
[Result "1-0"]
[WhiteTitle "WGM"]
[BlackTitle "WCM"]
[WhiteElo "2356"]
[BlackElo "1936"]
[WhiteFideId "4100123"]
[BlackFideId "34127035"]
[EventDate "2017.10.02"]
[EventType "blitz"]

1. Nf3 c5 2. e4 d6 3. d4 cxd4 4. Nxd4 Nf6 5. Nc3 a6 6. Nb3 e6 7. g4 h6 8. f4 Nc6
9. g5 hxg5 10. fxg5 Nd7 11. Be3 Nde5 12. Qe2 Be7 13. h4 b5 14. O-O-O Nc4 15. g6
Nxe3 16. Qxe3 Bg5 17. hxg5 Rxh1 18. Qf3 Qxg5+ 19. Kb1 Rxf1 20. gxf7+ Kf8 21.
Rxf1 Ne5 22. Qh3 Ng6 23. Nd4 e5 24. Ne6+ Bxe6 25. Qxe6 Rd8 26. Nd5 Nf4 27. Nxf4
exf4 28. a3 Qe5 29. Qg6 Rd7 30. Rd1 Rxf7 31. Rxd6 Re7 32. Rd8+ Re8 33. Rd5 Qe6
34. Qh7 Qxe4 35. Rf5+ Ke7 36. Qxg7+ Kd6 37. Qf6+ Re6 38. Qd8+ Kc6 39. Qa8+ Kb6
40. Qb8+ Ka5 41. Qc7+ Ka4 42. b3+ Kxa3 43. Qa5+ Qa4 44. bxa4 b4 45. Kc1 Re1+ 46.
Kd2 1-0

[Event "ch-RUS Blitz Women 2017"]
[Site "Sochi RUS"]
[Date "2017.10.02"]
[Round "14.8"]
[White "Styazhkina, Anna"]
[Black "Travkina, Anastasia"]
[Result "1-0"]
[WhiteTitle "WIM"]
[BlackTitle "WFM"]
[WhiteElo "2301"]
[BlackElo "2221"]
[WhiteFideId "24119300"]
[BlackFideId "24129151"]
[EventDate "2017.10.02"]
[EventType "blitz"]

1. e4 c5 2. Nf3 d6 3. d4 cxd4 4. Qxd4 a6 5. c4 Nc6 6. Qe3 g6 7. Nc3 Bg7 8. Be2
Nf6 9. h3 O-O 10. O-O Bd7 11. Rd1 Rc8 12. Rb1 Qc7 13. b3 h5 14. Bb2 Be6 15. Ng5
Bd7 16. Nd5 Qa5 17. Nxf6+ exf6 18. Nf3 Be6 19. a3 Rfd8 20. Nd4 Nxd4 21. Qxd4 Qc5
22. Rbc1 Qg5 23. Kh1 Qh4 24. Qe3 Kh7 25. Rc2 Bh6 26. Qf3 Qf4 27. Qxf4 Bxf4 28.
Bxf6 Rd7 29. g3 Be5 30. Bxe5 dxe5 31. Rxd7 Bxd7 32. Kg2 b5 33. c5 Be6 34. b4 Rc6
35. Rd2 Rc7 36. Rd6 Ra7 37. Rb6 Kg7 38. c6 Bc8 39. Bd1 Rc7 40. Bb3 Kf8 41. Bd5
Ke7 42. Kf3 f6 43. Ke3 g5 44. h4 gxh4 45. gxh4 Kd6 46. f3 Rg7 47. Rb8 Kc7 48.
Ra8 Rg1 49. Ra7+ Kd6 50. Rf7 Rg6 51. f4 exf4+ 52. Kxf4 Rg4+ 53. Kf3 Rg6 54. Ke3
Ke5 55. Rf8 Bh3 56. c7 f5 1-0

[Event "ch-RUS Blitz Women 2017"]
[Site "Sochi RUS"]
[Date "2017.10.02"]
[Round "14.9"]
[White "Kharmunova, Nadezhda"]
[Black "Bezgodova, Svetlana"]
[Result "1/2-1/2"]
[WhiteTitle "WIM"]
[BlackTitle "WIM"]
[WhiteElo "2199"]
[BlackElo "2060"]
[WhiteFideId "4195876"]
[BlackFideId "4110650"]
[EventDate "2017.10.02"]
[EventType "blitz"]

1. Nf3 Nf6 2. g3 d6 3. Bg2 Nbd7 4. O-O c6 5. d4 e5 6. Re1 Be7 7. e4 O-O 8. Nc3
Re8 9. Nh4 Qc7 10. Nf5 Bf8 11. g4 exd4 12. Nxd4 g6 13. Bf4 Ne5 14. h3 Bd7 15.
Bg3 Rad8 16. b3 Bc8 17. f4 Ned7 18. Kh2 Bg7 19. Qd2 h5 20. g5 Nh7 21. Rad1 Qa5
22. a4 Nc5 23. Re3 Qb4 24. Nce2 Qxd2 25. Rxd2 a5 26. Bf2 Nf8 27. Rd1 Re7 28. Ng3
Rde8 29. Nf3 Nxe4 30. Nxe4 Rxe4 31. Rxe4 Rxe4 32. Rxd6 Re2 33. Rd2 Rxd2 34. Nxd2
Bf5 35. c4 Bc2 36. Kg3 Bc3 37. Be3 Bxd2 38. Bxd2 Bxb3 39. Bxa5 Bxc4 40. f5 Bd3
41. fxg6 fxg6 42. Bc3 Ne6 43. h4 Bc2 44. a5 Kf7 45. a6 bxa6 46. Bxc6 Bb3 47. Kf3
Bc4 48. Ke4 Ng7 49. Kd4 Bf1 50. Bd5+ Ke7 51. Bb4+ Ke8 52. Ke5 Nf5 53. Bc6+ Kd8
54. Ba5+ Kc8 55. Be1 Bd3 56. Kf6 Nd4 57. Be8 Nf3 58. Bf2 a5 59. Bxg6 Bxg6 60.
Kxg6 a4 61. Bc5 Nxh4+ 62. Kxh5 Nf5 63. g6 Kd7 64. Kg5 Ke6 65. Ba3 Ng7 66. Bb2
Ne8 67. Kh6 Kf5 68. Kh7 Kg5 69. Bc1+ Kf5 1/2-1/2

[Event "ch-RUS Blitz Women 2017"]
[Site "Sochi RUS"]
[Date "2017.10.02"]
[Round "14.10"]
[White "Charochkina, Daria"]
[Black "Semenova, Elena1"]
[Result "1-0"]
[WhiteTitle "IM"]
[BlackTitle "WIM"]
[WhiteElo "2321"]
[BlackElo "2256"]
[WhiteFideId "4180917"]
[BlackFideId "24125148"]
[EventDate "2017.10.02"]
[EventType "blitz"]

1. d4 Nf6 2. Bf4 b6 3. Nf3 Bb7 4. e3 Nh5 5. Bg5 h6 6. Bh4 g5 7. Nfd2 Nf4 8. exf4
gxh4 9. Qh5 Rg8 10. Qxh4 c5 11. d5 Bxd5 12. Nc3 Bb7 13. O-O-O Nc6 14. Nf3 e6 15.
Qh5 Qf6 16. g3 O-O-O 17. Bd3 Bg7 18. Rhe1 d5 19. Ne5 Nxe5 20. fxe5 Qg5+ 21. Qxg5
hxg5 22. Nb5 Kb8 23. c4 dxc4 24. Bxc4 Rxd1+ 25. Kxd1 Rh8 26. Nd6 Rxh2 27. Nxf7
Rxf2 28. Nxg5 Bh6 29. Ne4 Bxe4 30. Rxe4 Kc7 1-0

[Event "ch-RUS Blitz Women 2017"]
[Site "Sochi RUS"]
[Date "2017.10.02"]
[Round "14.11"]
[White "Pogonina, Natalija"]
[Black "Shaydullina, Sandugach"]
[Result "1-0"]
[WhiteTitle "WGM"]
[BlackTitle "WGM"]
[WhiteElo "2466"]
[BlackElo "2185"]
[WhiteFideId "4147855"]
[BlackFideId "4140389"]
[EventDate "2017.10.02"]
[EventType "blitz"]

1. d4 f5 2. g3 Nf6 3. Bg2 e6 4. Nf3 d6 5. O-O Be7 6. b3 O-O 7. Bb2 a5 8. a4 Na6
9. Nbd2 Ne4 10. e3 Bf6 11. Nc4 b6 12. Nfd2 Bb7 13. Qe2 Nb4 14. c3 Na6 15. Nxe4
fxe4 16. Nd2 d5 17. f3 exf3 18. Bxf3 c5 19. Bg4 Re8 20. Nf3 Nc7 21. c4 Ba6 22.
Rac1 dxc4 23. bxc4 Nd5 24. Qd2 Nb4 25. Rfd1 Kh8 26. Qf2 Qe7 27. dxc5 Bxb2 28.
Qxb2 bxc5 29. Qe5 Qf6 30. Rd6 Bb7 31. Qxf6 gxf6 32. Rb6 Be4 33. Nd2 Nd3 34. Rc3
Bg6 35. Bxe6 Ne5 36. Bd5 Kg7 37. Rb7+ Kh8 38. Rc7 Rab8 39. Nb3 Rb4 40. Rxc5 Reb8
41. Rb5 Rc8 42. c5 Rxa4 43. Rxa5 Rb4 44. c6 Be8 45. c7 Bd7 46. Rac5 Ra4 47. Bb7
Ra2 48. Bxc8 Nf3+ 49. Kf1 Nxh2+ 50. Ke1 Nf3+ 51. Kd1 Bxc8 52. Ra5 Rb2 53. Ra8
Kg7 54. Rxc8 Rb1+ 55. Kc2 Rg1 56. Rd8 Rg2+ 57. Kb1 Rg1+ 58. Rc1 Rxg3 59. c8=Q
Kh6 60. Rh1+ Kg5 61. Rg8# 1-0

[Event "ch-RUS Blitz Women 2017"]
[Site "Sochi RUS"]
[Date "2017.10.02"]
[Round "14.12"]
[White "Tomilova, Elena"]
[Black "Maltsevskaya, Aleksandra"]
[Result "1-0"]
[WhiteTitle "WIM"]
[WhiteElo "2307"]
[BlackElo "2260"]
[WhiteFideId "4162340"]
[BlackFideId "24174041"]
[EventDate "2017.10.02"]
[EventType "blitz"]

1. d4 Nf6 2. Bg5 Ne4 3. Bf4 c5 4. f3 Qa5+ 5. c3 Nf6 6. d5 e6 7. e4 exd5 8. exd5
d6 9. Na3 Be7 10. Nc4 Qc7 11. a4 O-O 12. Ne2 Re8 13. g4 Nbd7 14. Qd2 b5 15. axb5
Bb7 16. Ne3 c4 17. Kf2 Nc5 18. Ng3 Nb3 19. Qd1 Nxa1 20. Qxa1 Nxd5 21. Nxd5 Bxd5
22. Qd1 Bb7 23. Nf5 Bf8 24. Qd4 Qb6 25. Bxc4 d5 26. Qxb6 axb6 27. Bd3 Ra2 28.
Rb1 Rc8 29. Ke3 Bc5+ 30. Kd2 Re8 31. Nd4 Rea8 32. h4 Bxd4 33. cxd4 R2a4 34. Be3
Ra1 35. Rxa1 Rxa1 36. h5 Rh1 37. Bf4 f6 38. Bc7 Rg1 39. Bxb6 Ra1 40. Bc5 Ra2 41.
Kc3 Ra8 42. Bf5 Re8 43. b6 Re3+ 44. Kd2 Rxf3 45. b4 Rb3 46. Bd6 Rb2+ 47. Kc3 Rf2
48. Be6+ Kh8 49. Bf5 Rf3+ 50. Kd2 g6 51. hxg6 hxg6 52. Bxg6 Kg7 53. Bf5 Rf2+ 54.
Kc3 Rf3+ 55. Kd2 Rf2+ 56. Kc3 Rf3+ 57. Kd2 Kh6 58. Ke2 Rb3 59. Bf8+ Kg5 60. Be7
Rb2+ 61. Kf3 Rb3+ 62. Ke2 Ba6+ 63. Kd2 Bb7 64. Bc5 Kf4 65. Bd6+ Kf3 66. Be7 Rb2+
67. Kc3 Re2 68. Bxf6 Re3+ 69. Kd2 Ra3 70. Be5 Ra2+ 71. Kc3 Ra6 72. Bc7 Ra8 73.
Be6 Re8 74. Bf5 Ke3 75. g5 Rf8 76. Be6 Re8 77. Bf7 Re4 78. g6 Rg4 79. Be5 Ke2
80. g7 Kd1 81. g8=Q Rxg8 82. Bxg8 Ke2 83. b5 Ke3 84. Kb4 Ke4 85. Kc5 Kd3 86.
Bxd5 1-0

[Event "ch-RUS Blitz Women 2017"]
[Site "Sochi RUS"]
[Date "2017.10.02"]
[Round "14.13"]
[White "Gritsayeva, Oksana"]
[Black "Kabanova, Ekaterina"]
[Result "1-0"]
[WhiteTitle "WFM"]
[BlackTitle "WFM"]
[WhiteElo "2373"]
[BlackElo "2205"]
[WhiteFideId "14104652"]
[BlackFideId "24112917"]
[EventDate "2017.10.02"]
[EventType "blitz"]

1. e4 c5 2. Nf3 e6 3. c3 Qc7 4. d4 a6 5. d5 e5 6. Be2 d6 7. c4 Ne7 8. Nc3 Ng6 9.
O-O Be7 10. a3 O-O 11. Be3 Nd7 12. Nd2 Rb8 13. b4 b6 14. Rc1 Nf4 15. Bg4 Nd3 16.
Rb1 Nf6 17. Bxc8 Qxc8 18. h3 Nd7 19. Qc2 Nf4 20. Kh2 Qc7 21. g3 Ng6 22. Kg2 Rfc8
23. Rbc1 Ra8 24. Qd3 Qd8 25. Qe2 Bg5 1-0